| 000 | 01306nam a22003017a 4500 | ||
|---|---|---|---|
| 003 | OSt | ||
| 005 | 20250911164141.0 | ||
| 008 | 240222b ||||| |||| 00| 0 eng d | ||
| 040 | _c0 | ||
| 082 | _aDPer 621.317 Ie21 May 2022 v. 37 n. 5 | ||
| 100 |
_aLiu, Chuang. _eauthor. _952964 |
||
| 245 |
_aNovel single-stage bidirectional isolated DC-AC converter based on inversely coupled inductor / _cChuang Liu, Yu Jiang, Zhongchen Pei, Mengxue Shen, Guowei Cai, Xiaomin Song, Di Zhu, Jingyue Wang, Hui Li, Dongbo Guo, and Qinhai Yu. |
||
| 260 |
_aNew York ; _bThe Institute of Electrical and Electronics Engineers, Inc. , _cMay 2022. |
||
| 300 |
_aVolume 37, pages 5594-5605 : _billustration ; _c28 cm. |
||
| 500 | _aIEEE Transactions on Power Electronics, vol. 37, no. 5, pages 5594-5605, May 2022. | ||
| 700 |
_aLiu, Chuang. _eauthor. _952964 |
||
| 700 |
_aJiang, Yu. _eauthor. _952965 |
||
| 700 |
_aPei, Zhongchen. _eauthor. _952966 |
||
| 700 |
_aShen, Mengxue. _eauthor. _952967 |
||
| 700 |
_aCai, Guowei. _eauthor. _952968 |
||
| 700 |
_aSong, Xiaomin. _eauthor. _952969 |
||
| 700 |
_aZhu, Di. _eauthor. _952970 |
||
| 700 |
_aWang, Jingyue. _eauthor. _952971 |
||
| 700 |
_aLi, Hui. _eauthor. _952972 |
||
| 700 |
_aGuo, Dongbo. _eauthor. _952973 |
||
| 700 |
_aYu, Qinhai. _eauthor. _952974 |
||
| 942 |
_2ddc _cPER |
||
| 999 |
_c19275 _d19275 |
||